000
00293nam a22001337a 4500
008
170316b xxu||||| |||| 00| 0 eng d
020
_a
9780443068508
041
_a
eng
080
_a
611
100
_a
7
101
_a
SHM
245
_a
WHEATERS.FUNCTIONAL HISOLLOGY
_c
YOUNG.B
942
_2
udc
_c
BK
999
_c
7942
_d
7942